Effectif Espagne - Euro 2021 - Statistiques

Statistiques générales
  • Ce quiz a été pris 20 fois
  • Le résultat moyen est 15 sur 25
Statistiques - réponses
POSTE CLUB NUMERO JOUEUR % Correct
G Manchester United 1 David de Gea
94%
MIL SSC Napoli 17 Fabián Ruiz
78%
MIL FC Barcelone 26 Pedri
78%
MIL Manchester City 16 Rodri
78%
MIL FC Barcelone 5 Sergio Busquets
72%
ATT Juventus 7 Álvaro Morata
67%
DEF Chelsea 2 César Azpilicueta
67%
MIL Atlético Madrid 8 Koke
67%
MIL PSG 22 Pablo Sarabia
67%
G Athletic Bilbao 23 Unai Simón
67%
DEF Manchester City 24 Aymeric Laporte
61%
ATT Real Sociedad 21 Mikel Oyarzabal
61%
MIL RB Leipzig 19 Dani Olmo
56%
DEF FC Barcelone 18 Jordi Alba
56%
MIL Liverpool 10 Thiago Alcántara
56%
DEF Manchester City 12 Eric García
50%
ATT Villarreal 9 Gerard Moreno
50%
ATT Wolverhampton 20 Adama Traoré
44%
DEF Leeds 3 Diego Llorente
44%
ATT Manchester City 11 Ferran Torres
44%
COACH - - Luis Enrique
44%
MIL Atlético Madrid 6 Marcos Llorente
44%
DEF Villarreal 4 Pau Torres
44%
G Brighton 13 Robert Sánchez
39%
DEF Valence CF 14 José Gayà
28%
Aucun quiz correspondant
Distribution des résultats
% des personnes avec chaque résultat
Percentile par nombre de réponses
Votre historique - résultats
Vous n’avez pas pris ce quiz